000
00254nam a2200109Ia 4500
008
190216s9999||||xx |||||||||||||| ||und||
100
_a
Chawla K L
245
0
_a
Problems In Advanced Accounts
260
_b
S Chand & Co
_c
1978
300
_a
61p
942
_c
BK
999
_c
3850
_d
3850